Lịch sử xã hội học Từ cổ đại đến thế kỷ thứ XX

Gespeichert in:
Bibliographische Detailangaben
1. Verfasser: THANH LÊ
Format: Buch
Sprache:Undetermined
Veröffentlicht: H. KHXH 2002
Schlagworte:
Tags: Tag hinzufügen
Keine Tags, Fügen Sie den ersten Tag hinzu!
Thư viện lưu trữ: Trung tâm Học liệu Trường Đại học Cần Thơ
LEADER 00486nam a2200181Ia 4500
001 CTU_49145
008 210402s9999 xx 000 0 und d
082 |a 301 
082 |b Th107 
100 |a THANH LÊ 
245 0 |a Lịch sử xã hội học 
245 0 |b Từ cổ đại đến thế kỷ thứ XX 
245 0 |c THANH LÊ 
260 |a H. 
260 |b KHXH 
260 |c 2002 
650 |a sociology 
980 |a Trung tâm Học liệu Trường Đại học Cần Thơ